000 00536nam a2200217Ia 4500
003 OSt
005 20220928141725.0
006 a|||||r|||| 00| 0
007 ta
008 220927b |||||||| |||| 00| 0 eng d
024 _a17167
037 _cTextual
040 _aSDCL
_cSDCL
_beng
041 _2eng
_aeng
082 _aP15:3(Q4), J4
100 _aEdgerton Franklin
245 0 _aBuddhist hybrid Sanskrit.
260 _c1954
942 _hP15:3(Q4), J4
_cTEXL
_2CC
999 _c819490
_d819490